1900 1792 1567 1563 1877 1340 1481 1404 1467 1474 1757 1094 1206 1959 1815 1055 1297 1713 1729 1656 1697 1383 1599 1605 1317 1746 1536 1539 1876 1143 1560 1404 1046 1723 1393 1380 1373 1267 1550 1038 1953 1942 1624 1229 1978 1189 1572 1395 1710 1394 1496 1192 1536 1842 1333 1953 1665 1773 1375 1788 1375 1890 1570 1566 1404 1381 1734 1770 1034 1355 1492 1652 1202 1445 1427 1930 1210 1751 1105 1058 1276 1409 1014 1279 1790 1415 1943 1438 1492 1723 1116 1723 1472 1106 1791 1086 1605 1076 1674 BCNSPRNW ULIB Ver.6.0+V

เปลี่ยนเป็นภาษาไทย

Change to English
 แสดงรายละเอียดบรรณานุกรม
  กลับหน้าหลัก

Brief Record : Get Marc (ISO 2709) : E-mail record : QR code < ปิดหน้าต่าง
LEADER : 00000nas 2200000uu 4500
001    13399122362
003     ULIB
008    020711s|||| th a 000 0 tha d
110    กระทรวงสาธารณสุข
245    สถานการณ์สุขภาพไทย /^cกระทรวงสาธารณสุข
260    นนทบุรี :^bกระทรวงสาธารณสุข,^cม.ป.ป.
310    ^aรายเดือน
850    ^aปีที่ 6 ฉบับที่ 1;ปีที่ 6 ฉบับที่ 2
945    ^p0^l0^i901140
945    ^p0^l0^i901141
รายการนี้ยังไม่มีแท็ก
คุณยังไม่ได้ล็อกอิน คุณสามารถมีกิจกรรมร่วมกับเว็บไซต์ได้ แต่ต้องล็อกอินก่อน ::
  ล็อกอิน

รายการสื่อสารสนเทศ (วารสาร)

ดูแบบ: กล่อง รายการ
ARRIVED
ปีที่ 6 ฉบับที่ 1
สถานที่: ห้องสมุดวิทยาเขตสวรรค์ประชารักษ์ >วารสาร
ARRIVED
ปีที่ 6 ฉบับที่ 2
สถานที่: ห้องสมุดวิทยาเขตสวรรค์ประชารักษ์ >วารสาร

BibComment


ยังไม่เคยถูกคอมเมนท์

คอมเมนท์ทรัพยากรรายการนี้
  คอมเมนท์: สถานการณ์สุขภาพไท..


 Copyright 2026. Bcnsprnw @Library